[Event "Tata Steel India 2018-Blitz"]
[Site "Kolkata"]
[Date "2018.11.14"]
[Round "14"]
[White "Vidit, Santosh Gujrathi"]
[Black "Anand, Viswanathan"]
[Result "0-1"]
[WhiteElo "2702"]
[BlackElo "2773"]
[Annotator "TA"]
[PlyCount "50"]
[EventDate "2018.11.09"]
[EventType "tourn"]
[EventCountry "IND"]
[SourceTitle "playchess.com"]
[Source "ChessBase"]
[SourceQuality "1"]

{[%evp 13,50,20,21,-47,-1,-1,34,8,4,-103,-13,-25,-29,-161,-166,-198,-174,-339,-381,-508,-511,-470,-345,-341,-342,-362,-350,-366,-333,-359,-298,-428,-440,-430,-418,-656,-645,-700,-518]} 1. Nf3 d5 2. g3 Nf6 3. Bg2 g6 4. d4 Bg7 5. c4 c6 6. O-O dxc4 7. a4 O-O {LiveBook: 47 Games} 8. Qc2 {D73: Fianchetto Grünfeld: 5 Nf3} (8. Na3 $11) (8. Na3 Be6 9. Ng5 Bd5 10. e4 h6 11. exd5 hxg5 12. dxc6 Nxc6 13. Bxg5 Na5 14. Rc1 Rc8 15. Bd2 Ne8 16. Bxa5 Qxa5 17. Nxc4 {½-½ (59) Banusz,T (2607)-Balog,I (2540) Ajka 2018}) 8... Be6 9. e4 h6 $146 ({Predecessor:} 9... b5 10. Rd1 a5 11. axb5 cxb5 12. Ng5 Bc8 {1-0 (39) Cordova Garcia,E (2021)-King,F (1600) Dos Hermanas 2004}) 10. Rd1 {[%mdl 1024] White is slightly better. White has compensation.} Na6 11. Ne5 {[#]} (11. Bd2 $11 {keeps the balance.}) 11... Nb4 (11... Ng4 $1 $17 12. Qe2 Nxe5 13. dxe5 Qa5) 12. Qc3 $11 c5 $36 {[%mdl 2048] Strongly threatening ...Nd7. Black fights for an advantage.} 13. d5 (13. Nxc4 $11 {and White is okay.} Ng4 14. e5) 13... Ng4 $19 14. Bf4 g5 {[%cal Bg6g5,Bg5f4][%mdl 32]} 15. Bf3 $2 (15. Na3 {was worth a try.} Bd7 16. f3 gxf4 17. fxg4) 15... Bc8 ({Less strong is} 15... gxf4 16. dxe6 Nxe5 17. Rxd8 $17) 16. Bxg4 Bxg4 ({Weaker is} 16... gxf4 17. Bh5 $19) 17. f3 gxf4 18. fxg4 {[#]} f3 $1 {[%mdl 512]} 19. Na3 {[#]} (19. Qxf3 Bxe5) 19... Nd3 $1 {[%mdl 512]} 20. Rxd3 (20. Nxd3 Bxc3) 20... cxd3 21. Nac4 Qc7 22. Rd1 (22. Rf1 $142) 22... b6 23. Rxd3 a6 24. d6 (24. g5 $142 hxg5 25. Rxf3) 24... exd6 25. Nxd6 Rae8 {Precision: White = 27%, Black = 71%.} 0-1

[Event "Tata Steel India 2018-Blitz"]
[Site "Kolkata"]
[Date "2018.11.14"]
[Round "14"]
[White "Ganguly, Surya Shekhar"]
[Black "Aronian, Levon"]
[Result "1/2-1/2"]
[WhiteElo "2615"]
[BlackElo "2765"]
[Annotator "TA"]
[PlyCount "101"]
[EventDate "2018.11.09"]
[EventType "tourn"]
[EventCountry "IND"]
[SourceTitle "playchess.com"]
[Source "ChessBase"]
[SourceQuality "1"]

{[%evp 14,101,12,13,18,20,33,32,48,53,41,36,75,4,6,6,0,0,0,0,12,0,0,0,0,0,8,-16,0,0,4,-13,0,-27,-27,-27,-34,-31,-32,-33,-33,-63,-29,-31,-33,-36,-33,-26,0,0,0,0,0,0,0,0,0,0,0,0,8,0,9,-8,-8,-8,-8,-8,-8,-8,-8,-8,-8,-8,-8,-8,-8,-8,-8,-8,0,0,0,0,0,0,0,0,0,-8]} 1. Nf3 d5 2. g3 c6 3. Bg2 Bg4 4. O-O e6 5. h3 (5. d3 Bd6 6. e4 Ne7 7. Nbd2 O-O 8. c3 Nd7 9. d4 Bh5 10. Re1 Rc8 11. Qb3 Qb6 12. Qc2 c5 13. exd5 Nxd5 {½-½ (59) Anand,V (2782)-Sargissian,G (2672) Riadh 2017}) 5... Bh5 6. d4 {A07: Réti Opening: New York and Capablanca Systems} Bd6 7. c4 Nd7 8. Qb3 {LiveBook: 4 Games} Qb6 9. Nc3 {[%cal Rc4d5]} Qxb3 $146 ({Predecessor:} 9... Ne7 10. e4 Qxb3 11. axb3 dxe4 12. Nxe4 {½-½ (64) Meier,G (2655)-Nikolaidis,I (2519) Heraklio 2017}) 10. axb3 a6 11. e4 dxe4 12. Nxe4 Bc7 13. g4 (13. Ne5 $16) 13... Bg6 $11 14. Nh4 Bxe4 15. Bxe4 Ne7 16. Bd2 O-O 17. Bb4 Rfe8 18. Rfe1 Rad8 19. Rad1 Nf6 {[%cal Bd7f6,Bf6h7,Bh7f8,Bf8e6][%mdl 32]} 20. Bg2 h6 21. Bc3 Nh7 22. Bb4 Nf8 (22... Rd7 {with more complications.} 23. d5 cxd5 24. cxd5 a5 25. Ba3 Red8) 23. d5 (23. Bc3 {seems wilder.} f6 24. Bf3 Kf7 25. Ng2 Nh7 26. h4) 23... cxd5 24. cxd5 Nxd5 25. Bxd5 exd5 26. Rxe8 Rxe8 27. Rxd5 Ne6 28. Nf5 Rd8 29. Rxd8+ Bxd8 $15 {[%mdl 4096] Endgame KBN-KBN} 30. Bc3 Bg5 31. Kg2 {The position is equal.} g6 32. Nd6 b5 33. Ne4 Kf8 34. Nxg5 Nxg5 $11 {KB-KN} 35. h4 Ne6 36. Kf3 f5 37. h5 Kf7 38. Bd2 Nd4+ 39. Kg3 fxg4 40. Kxg4 gxh5+ 41. Kxh5 Nxb3 42. Bxh6 a5 43. Kg4 a4 {aiming for ...b4.} 44. Bf4 Ke6 {[#] ...b4 is the strong threat.} 45. Bh6 Nc5 46. Kf3 Nd3 47. Bg7 b4 48. Ke3 Ne1 49. Kd4 a3 50. bxa3 bxa3 51. Kc3 {Precision: White = 67%, Black = 59%.} 1/2-1/2

[Event "Tata Steel India 2018-Blitz"]
[Site "Kolkata"]
[Date "2018.11.14"]
[Round "14"]
[White "Praggnanandhaa R"]
[Black "Karjakin, Sergey"]
[Result "0-1"]
[WhiteElo "2530"]
[BlackElo "2753"]
[Annotator "TA"]
[PlyCount "114"]
[EventDate "2018.11.09"]
[EventType "tourn"]
[EventCountry "IND"]
[SourceTitle "playchess.com"]
[Source "ChessBase"]
[SourceQuality "1"]

{[%evp 18,114,13,13,13,11,18,20,21,14,17,10,14,15,8,18,26,40,52,38,38,22,41,54,68,66,148,142,117,81,94,85,92,30,35,13,9,20,50,19,20,-72,-56,-100,-49,-156,-152,-212,-212,-204,-204,-204,-204,-251,-243,-235,-227,-259,-245,-222,-247,-371,-356,-405,-392,-397,-387,-433,-431,-672,-601,-784,-770,-683,-579,-824,-739,-1091,-933,-872,-825,-1139,-948,-833,-716,-2022,-1177,-4598,-580,-6122,-5822,-29978,-29979,-29988,-29989,-29989,-29990,-29988,-29989]} 1. Nf3 d5 2. g3 c6 3. Bg2 Bg4 4. O-O Nd7 5. h3 Bh5 (5... Bxf3 6. Bxf3 Ngf6 7. d3 e5 8. e4 Bc5 9. exd5 Nxd5 10. Nc3 Nxc3 11. bxc3 O-O 12. Re1 Qc7 {1-0 (47) Artemiev,V (2706)-Lysyj,I (2631) Sochi 2018}) 6. d4 {A07: Réti Opening: New York and Capablanca Systems} e6 7. c4 Ngf6 8. cxd5 exd5 9. Qb3 Qb6 10. Qe3+ {LiveBook: 27 Games} Be7 11. Nh4 {Threatens to win with Nf5.} Bg6 12. Nc3 Qd8 $146 13. b4 {[%cal Bb2b4,Bb4b5][%mdl 32]} a6 14. a4 O-O 15. Nxg6 hxg6 16. Rb1 Nb6 17. Qd3 a5 18. b5 Bb4 19. Na2 Bd6 20. Bg5 Qc7 21. Rfc1 Rad8 (21... Rfb8 $14) 22. bxc6 $16 bxc6 23. Qc3 Nc4 {[#]} 24. e4 $1 {[%mdl 512] aiming for exd5.} Be7 (24... dxe4 25. Qxc4) 25. Bxf6 (25. exd5 $16 cxd5 26. Qd3) 25... Bxf6 $11 26. e5 Be7 27. Bf1 c5 {[%cal Bc6c5,Bc5d4][%mdl 32]} 28. Rb5 Qa7 29. Rcb1 (29. Rd1 $11) 29... cxd4 $17 30. Qe1 Qd7 (30... Rfe8 $17 {...Bc5 is the strong threat.} 31. Rb7 Qa6 32. Bxc4 dxc4) 31. Nc1 (31. e6 $15 Qc6 32. exf7+ Rxf7 33. Bd3) 31... Bb4 $36 {[%mdl 2048] Black is really pushing.} 32. Qe2 {[#]} (32. Qd1 $17 {keeps fighting.}) 32... Na3 $1 $19 {[%cal Ra3b1]} 33. R1xb4 axb4 34. Rxb4 Nc4 35. Nd3 Rb8 36. Qe1 Qe7 37. Rb5 Rxb5 38. axb5 Rb8 39. Qb1 (39. Kh2 {was necessary.}) 39... Nd2 40. Qb2 Nxf1 41. Kxf1 {[%mdl 4096] Endgame KQR-KQN} Qb7 42. Kg2 Qxb5 43. Qa3 (43. Qe2 $142 Rb6 44. Qd2) 43... Re8 44. h4 Qc4 45. Kh2 Qc3 46. Qa6 Qd2 47. Kg1 Qd1+ 48. Kg2 Qe2 49. Qc6 Qe4+ 50. Kh2 Rb8 {And now ...Rb1 would win.} 51. Nf4 Qxe5 52. Qd7 Qf5 53. Qd6 Rb1 54. Nh3 f6 {Black mates.} 55. Qd8+ Kh7 56. Nf4 Qe4 {[%csl Gb1][%cal Re4h1]} 57. Ng2 d3 {Precision: White = 32%, Black = 63%.} 0-1

[Event "Tata Steel India 2018-Blitz"]
[Site "Kolkata"]
[Date "2018.11.14"]
[Round "15"]
[White "Mamedyarov, Shakhriyar"]
[Black "Harikrishna, Pentala"]
[Result "1/2-1/2"]
[WhiteElo "2817"]
[BlackElo "2729"]
[Annotator "TA"]
[PlyCount "111"]
[EventDate "2018.11.09"]
[EventType "tourn"]
[EventCountry "IND"]
[SourceTitle "playchess.com"]
[Source "ChessBase"]
[SourceQuality "1"]

{[%evp 9,111,6,6,-37,-37,-50,-50,-47,-50,-56,0,0,0,0,0,-93,-101,-121,-124,-115,-121,-106,-30,-35,-45,-37,-2,-32,-42,-21,-28,-95,-92,-99,-93,-97,-93,-89,-89,-108,-65,-120,-82,-131,-88,-78,-75,-82,-83,-105,0,0,0,-90,0,0,0,-35,-52,-34,-48,-43,0,0,0,0,14,7,48,53,45,48,108,13,32,29,47,5,32,5,211,0,6,0,0,0,8,8,16,13,18,8,8,8,8,0,0,0,0,0,0,0,0,0]} 1. d4 Nf6 2. c4 e6 3. Nf3 d5 4. Bg5 Bb4+ 5. Nbd2 dxc4 {LiveBook: 83 Games} 6. e4 {D30: Queen's Gambit Declined: Systems without Nc3} (6. e3 b5 7. a4 c6 8. Be2 O-O 9. O-O Nbd7 10. Qc2 a5 11. b3 cxb3 12. Qxc6 Rb8 13. Bxb5 Bb7 {0-1 (40) Mamedyarov,S (2808)-Caruana,F (2816) Paris 2018}) 6... Bxd2+ 7. Nxd2 Qxd4 8. Qc2 $146 {Black is slightly better.} ({Predecessor:} 8. Bxc4 Nxe4 9. Be3 Qe5 10. O-O Nd6 11. Nf3 Qh5 12. Be2 O-O 13. Rc1 Qd5 {½-½ (47) Schroer,J (2354)-Ippolito,D (2395) ICC INT 2007}) 8... Nc6 9. Bxc4 h6 (9... Qe5 $15 10. f4 Qd4) 10. Be3 $11 Qd6 11. Bb5 {And now e5! would win.} Bd7 12. O-O-O (12. Bc5 $11 {keeps the balance.} Qe5 13. O-O) 12... Nb4 $17 13. Bxd7+ Nxd7 {[%cal Bf6d7,Bd7c5,Bc5b3][%mdl 32]} ({Resist} 13... Qxd7 14. Qb3 $11) 14. Qb3 Nc5 15. Qc4 Qa6 (15... O-O-O $17 16. Bxc5 Nd3+ 17. Kc2 Qxc5 18. Qxc5 Nxc5) 16. a3 $11 Qxc4+ 17. Nxc4 Nb3+ 18. Kb1 Nc6 19. Rd3 Nba5 $36 {[%mdl 2048] Black has good play.} 20. Nd2 (20. Nxa5 $11 Nxa5 21. Rhd1) 20... Ne5 $17 21. Rc3 Nac6 22. b4 a6 23. Nb3 O-O-O $1 24. Nc5 g5 25. Rhc1 ({White should play} 25. h4 $15) 25... Rd6 26. f4 gxf4 27. Bxf4 h5 28. a4 f6 $1 29. Nb3 {[#]} Nxb4 ({Better is} 29... Rh7 $1 $17 30. Be3 b6) 30. Rxc7+ $11 Kb8 31. Rg7 (31. Na5 $1 $11 {remains equal.} b6 32. Bxe5 fxe5 33. Rb7+ Ka8 34. Rcc7 bxa5 35. Ra7+ Kb8 36. Rab7+ Ka8 37. Ra7+ Kb8 38. Rab7+ Ka8) 31... Ka8 (31... Nbd3 $17 32. Bxe5 Nxe5) 32. Bxe5 fxe5 33. Rcc7 Rb6 34. a5 Rb5 $1 35. Rc5 Rf8 36. Rxb5 axb5 {[%mdl 4096] Endgame KRN-KRN} 37. Nc5 Na6 38. Nxb7 Rf2 39. Nd8 {Threatening mate with Nc6.} Nb4 40. Nxe6 {Hoping for Nc7+.} h4 (40... Kb8 $14) 41. h3 (41. Nc7+ $16 Kb8 42. Nxb5) 41... Kb8 42. Nc7 Nd3 43. a6 {Strongly threatening Nd5.} (43. Nd5 $5 {[%cal Ra5a6]} Rb2+ 44. Ka1 $14) 43... Ka7 44. Rd7 (44. Rg8 $5 {[%cal Rg8a8]} Rf1+ 45. Ka2 $16) 44... Nc5 $2 {[#]} (44... Rb2+ $1 $11 {and Black stays safe.} 45. Ka1 Rb3) 45. Re7 $2 ({White must play} 45. Rd6 $1 $18 Nxa6 46. Nxa6) 45... Nxa6 {The position is equal.} 46. Nd5+ Kb8 47. Rxe5 Rxg2 48. Nf4 Rf2 49. Rxb5+ Kc8 50. Rf5 Nb4 {...Rf1+ is the strong threat.} 51. Ng6 Rxf5 52. Ne7+ Kd7 {( -> ...Rf1+)} 53. Nxf5 Ke6 54. Kb2 Ke5 55. Kc3 Na6 56. Nxh4 {Precision: White = 49%, Black = 51%.} 1/2-1/2

[Event "Tata Steel India 2018-Blitz"]
[Site "Kolkata"]
[Date "2018.11.14"]
[Round "15"]
[White "Anand, Viswanathan"]
[Black "Praggnanandhaa R"]
[Result "1-0"]
[WhiteElo "2773"]
[BlackElo "2530"]
[Annotator "TA"]
[PlyCount "127"]
[EventDate "2018.11.09"]
[EventType "tourn"]
[EventCountry "IND"]
[SourceTitle "playchess.com"]
[Source "ChessBase"]
[SourceQuality "1"]

{[%evp 25,127,9,22,20,16,0,0,0,0,0,14,13,10,12,17,13,39,31,79,75,116,46,72,74,81,68,85,83,69,83,72,35,121,118,387,387,404,383,377,163,169,10,17,0,18,22,22,25,32,42,68,0,0,0,4,0,0,0,0,0,0,0,0,0,0,0,0,-8,-8,-8,0,0,0,0,0,0,0,0,0,0,0,0,0,0,0,0,29970,514,29973,29973,29973,29975,29971,29973,29984,29985,29985,29986,29985,29978,29983,29984,29985,29986]} 1. e4 e5 2. Nf3 Nc6 3. Bb5 {[%cal Bf1b5,Bb5a4,Ba4b3,Bb3a2][%mdl 32]} a6 4. Ba4 Nf6 5. O-O b5 6. Bb3 Bb7 7. d3 Be7 8. a4 O-O 9. Re1 d6 10. Nbd2 Na5 11. Ba2 c5 12. Nf1 b4 {C88: Closed Ruy Lopez: Anti-Marshall Systems} 13. Bd2 (13. c3 bxc3 14. bxc3 c4 15. Ng3 cxd3 16. Qxd3 Bc8 17. Ba3 Nb7 18. Rab1 Qa5 19. Nf5 Bxf5 20. Rxb7 Qxa4 21. exf5 {½-½ (36) Grandelius,N (2651)-Urkedal,F (2548) Bergen 2018}) 13... Bc8 {LiveBook: 4 Games} 14. Ne3 Be6 {The position is equal.} 15. Bxe6 fxe6 16. c3 bxc3 17. bxc3 Rb8 18. Qc2 Qd7 19. Rab1 h6 $146 20. Qa2 Kh8 21. h3 Nh5 22. Nc4 Nc6 23. Nb6 (23. a5 $16) 23... Qc7 24. a5 $36 {[%mdl 2048] White has strong initiative.} Rf6 25. Rb2 Rbf8 26. Be3 Bd8 27. Nh2 Rg6 28. Kh1 Qf7 (28... Na7 $14) 29. Qa4 $16 Na7 $2 {[%mdl 8192] [#]} (29... Qc7 $16) 30. Nd7 $1 $18 {[%cal Rd7f8]} Rg8 31. Rb7 Nb5 32. c4 (32. Nxc5 $142 Qe8 33. Nxa6 Nxc3 34. Qb4) 32... Nd4 33. Nxe5 $2 ({White should play} 33. Reb1 $18 {Black must now prevent Nxe5!} Qe8 34. Qd1) 33... Qxb7 $11 34. Nxg6+ Kh7 35. Nf4 Nxf4 36. Bxf4 e5 37. Be3 Qb2 38. Qa1 (38. Rf1 $14) 38... Qxa1 39. Rxa1 Nc6 40. Bd2 Bc7 41. Rb1 Rb8 42. Rxb8 Nxb8 {[%mdl 4096] Endgame KBN-KBN} 43. Kg1 Nc6 44. Kf1 Bxa5 45. Bxa5 Nxa5 {KN-KN} 46. Ke2 Nc6 47. Nf3 Kg6 48. Nh4+ Kf6 49. Nf5 Nd4+ 50. Nxd4 cxd4 {KP-KP} 51. Kd2 Ke6 52. Kc2 Kd7 53. Kb3 Kc6 54. Kb4 Kb6 55. h4 {[%cal Bh3h4,Bh4h5][%mdl 32] Hoping for h5.} Kc6 $2 {[%mdl 8192] [#]} (55... g6 $11) 56. Ka5 (56. h5 $142 Kb6 57. g3 a5+ 58. Ka4 Kc6 59. Kxa5 Kb7 60. Kb5 Kc7 61. f4 exf4 62. gxf4) 56... Kb7 (56... g5 $18 57. hxg5 (57. Kxa6 gxh4 58. Ka5 Kc5 $11) 57... hxg5) 57. h5 {White mates.} Ka7 58. g3 {[%cal Bg2g3,Bg3g4][%mdl 32]} Kb7 59. f4 {[%cal Bf2f4,Bf4f5][%mdl 32]} Ka7 60. f5 Kb7 61. g4 Kc7 62. Kxa6 Kd7 63. Kb6 Ke7 64. Kc7 {Precision: White = 57%, Black = 48%.} 1-0

[Event "Tata Steel India 2018-Blitz"]
[Site "Kolkata"]
[Date "2018.11.14"]
[Round "15"]
[White "So, Wesley"]
[Black "Aronian, Levon"]
[Result "1/2-1/2"]
[WhiteElo "2765"]
[BlackElo "2765"]
[Annotator "TA"]
[PlyCount "149"]
[EventDate "2018.11.09"]
[EventType "tourn"]
[EventCountry "IND"]
[SourceTitle "playchess.com"]
[Source "ChessBase"]
[SourceQuality "1"]

{[%evp 21,149,0,0,-2,-4,-16,0,0,0,0,28,30,31,40,46,30,53,45,73,50,60,56,70,66,85,83,85,84,97,85,68,70,91,86,88,82,104,86,94,75,81,81,81,77,71,71,77,77,78,77,131,127,127,62,73,78,119,127,173,173,173,173,264,154,139,139,139,139,139,139,139,93,139,0,137,101,103,87,87,87,87,87,87,75,69,64,171,170,174,174,193,184,108,0,192,186,177,87,87,75,75,75,75,75,75,68,94,69,54,29,43,43,75,75,147,37,75,75,75,75,75,75,2492,1043,29974,0,0,0,0,0]} 1. c4 Nf6 2. Nc3 e5 3. Nf3 Nc6 4. e3 Bb4 5. Qc2 Bxc3 6. Qxc3 Qe7 7. d4 {A28: English Opening: Four Knights Variation} Ne4 8. Qd3 exd4 9. Nxd4 O-O 10. Be2 Qb4+ 11. Kf1 Qe7 {LiveBook: 11 Games} 12. f3 Nc5 (12... f5 13. Qd1 Nc5 14. Kf2 d6 {½-½ (23) Caruana,F (2827)-Ding,L (2804) Batumi 2018}) 13. Qd2 d6 14. b4 $146 ({Predecessor:} 14. Nxc6 bxc6 {1-0 (56) Homa,S (2285)-Eckert,D (2152) Chicago 2017}) 14... Nxd4 15. exd4 Nd7 16. Bb2 d5 17. c5 Qh4 18. g3 Qh3+ 19. Kf2 c6 20. Qf4 Re8 {And now ...Rxe2+! would win.} 21. Bf1 Qe6 22. Bd3 Nf8 23. Rhe1 Qd7 24. a4 a6 25. Rxe8 Qxe8 26. Re1 Qd8 27. Bc3 Be6 28. h4 f6 29. g4 Bf7 30. h5 Ne6 31. Qg3 Qb8 32. Qxb8+ Rxb8 33. Kg3 Re8 34. f4 $36 {[%mdl 2048] Black is under strong pressure.} g6 35. f5 gxf5 (35... Ng5 $142) 36. Bxf5 $16 ({Don't do} 36. gxf5 Ng5 $14) 36... Kg7 37. Re3 ({Better is} 37. Bd2 $16) 37... Nd8 38. Rxe8 Bxe8 {[%mdl 4096] Endgame KBB-KBN} 39. Bd2 $1 Bf7 40. h6+ Kg8 41. g5 Be6 (41... Bg6 {is a better defense.} 42. Bxg6 hxg6) 42. Bd3 (42. Kf4 $1 $18) 42... fxg5 43. Bxg5 Nf7 44. Bf4 Bd7 45. Kh4 Nd8 46. Be3 {Kg5 is the strong threat.} Nf7 47. Bf4 Nd8 $1 48. Bd2 Ne6 49. Be3 Kh8 50. Bc2 Kg8 51. Bb1 Kh8 52. Bf2 Kg8 53. Bc2 Kh8 (53... Nf8 $14) 54. Bg3 $18 Kg8 55. Be5 Nf8 56. Bd6 Ne6 57. Be5 (57. Bd1 $16) 57... Nf8 $1 58. Kg5 Kf7 59. Bd3 $1 Ne6+ 60. Kh5 Kg8 61. Bc2 (61. Kh4 {is more complex.} Be8 62. Be2 Bd7 63. Bf3 Kf7 64. Bh5+) 61... Be8+ 62. Kh4 Bg6 63. Bd1 Kf7 64. Be2 Bc2 65. b5 axb5 66. axb5 cxb5 67. Bxb5 Nd8 ({Black should try} 67... Kg6) 68. Kg5 (68. Bd7 $1 $16) 68... Ke6 69. Bg7 Nc6 70. Be2 Bf5 71. Bh5 Bh3 $2 {[%mdl 8192] [#]} (71... Ne7 $16) 72. Bg6 $1 {[%cal Rg6h7][%mdl 512]} hxg6 {[#]} 73. h7 $2 (73. Bf6 $1 {mates} Kd7 74. h7 Bf5 75. h8=Q Kc7 76. Qh7+ Kb8 77. Qg8+ Ka7 78. Qxd5) 73... Nd8 $11 74. h8=Q {[%cal Rh8e8]} Nf7+ 75. Kxg6 {Precision: White = 65%, Black = 43%.} 1/2-1/2

[Event "Tata Steel India 2018-Blitz"]
[Site "Kolkata"]
[Date "2018.11.14"]
[Round "15"]
[White "Karjakin, Sergey"]
[Black "Nakamura, Hikaru"]
[Result "0-1"]
[WhiteElo "2753"]
[BlackElo "2746"]
[Annotator "TA"]
[PlyCount "110"]
[EventDate "2018.11.09"]
[EventType "tourn"]
[EventCountry "IND"]
[SourceTitle "playchess.com"]
[Source "ChessBase"]
[SourceQuality "1"]

{[%evp 20,110,0,0,0,0,25,27,25,25,18,29,29,29,58,66,68,57,69,72,80,13,52,55,165,129,154,27,52,6,6,8,6,6,42,0,0,0,0,0,0,0,0,0,0,-41,0,-89,-41,-41,-41,-42,0,0,0,0,0,-13,-8,-166,-143,-216,-194,-201,-207,-206,-200,-183,-189,-402,-391,-368,-348,-2873,-2733,-29955,-10706,-1897,-225,-29973,-9690,-29973,-29974,-29975,-29974,-29975,-29976,-29973,-29974,-29986,-29987,-29987,-29983]} 1. e4 e5 2. Nf3 Nc6 3. Bb5 Nf6 4. d3 Bc5 5. O-O Nd4 6. Nxd4 Bxd4 7. Ba4 {C65: Ruy Lopez: Berlin Defence (3...Nf6), unusual lines and 4 0-0 Bc5} c6 8. c3 Bb6 9. Na3 d6 10. Nc4 ({Predecessor:} 10. Bb3 O-O 11. Nc4 Bc7 12. Bg5 h6 13. Bh4 Be6 14. Ne3 g5 {½-½ (30) Hansen,E (2577)-Movsesian,S (2659) Doha 2014}) 10... Bc7 11. Bb3 {LiveBook: 12 Games} a5 $146 (11... h6 12. Ne3 d5 13. exd5 cxd5 14. d4 e4 {1-0 (35) Anand,V (2768)-Nakamura,H (2777) Saint Louis 2018}) 12. a4 O-O 13. Bg5 h6 14. Bh4 Be6 15. Ne3 g5 16. Bg3 d5 17. exd5 Nxd5 18. Bxd5 cxd5 19. d4 f6 {[%cal Bf7f6,Bf6f5,Bf5f4][%mdl 32]} 20. Qb3 ({White should play} 20. dxe5 $16 fxe5 21. Qd3) 20... Bb6 21. Rad1 e4 (21... exd4 $14 22. cxd4 Rc8) 22. f3 $1 $18 {[%cal Rf3e4]} exf3 23. gxf3 ({White should try} 23. Rxf3 $16 {And now Nf5 would win.} Rc8 24. Rdf1) 23... f5 {Strongly threatening ...f4.} 24. Be5 f4 25. Ng4 Bxg4 $1 26. fxg4 Ra6 27. c4 Qd7 28. c5 Bd8 29. Bd6 Rf7 30. h3 ({Much worse is} 30. Qxd5 Be7 $17) 30... Be7 31. Be5 Bf6 32. Qb5 Re6 33. Rde1 (33. Bxf6 $11 {remains equal.} Rexf6 34. Rde1) 33... Bxe5 34. Rxe5 Rxe5 35. dxe5 $17 {[%mdl 4096] Endgame KQR-KQR} Qe6 36. Re1 $1 Rd7 37. Qxa5 d4 {[%cal Bd5d4,Bd4d3,Bd3d2][%mdl 32] White must now prevent ...Qb3.} 38. Qb6 Kf7 39. b4 $2 {[#]} (39. Kf2 $11 {and White has nothing to worry.}) 39... d3 $1 $36 {[%mdl 2048] Black is on the roll.} 40. a5 (40. b5 $17) 40... d2 41. Qxe6+ Kxe6 {KR-KR} 42. Rd1 Kxe5 43. b5 {[#] Threatens to win with c6.} Rd5 $1 44. b6 $2 (44. Kg2 {keeps fighting.}) 44... Rxc5 {( -> ...Rc1)} 45. Rxd2 Rxa5 46. Rd7 $2 (46. Re2+ Kd6 47. Re8) 46... Ke4 47. Rxb7 Rb5 48. Ra7 Rxb6 $2 (48... Rb1+ 49. Kf2 Rb2+ 50. Kf1 Rxb6 51. Ra4+ Kd3 52. Ra3+ Kc4 53. Ra4+ Kb5) 49. Ra3 $2 (49. Ra4+ $19 Kd3 50. Ra3+ Kc4 51. Ra4+ Kd3 52. Ra3+ Kc4 53. Ra4+ Kd3) 49... Rd6 (49... Rb1+ $142 50. Kg2 Rb2+ 51. Kf1 f3 52. Rc3 Kf4 53. Ke1 Kg3 54. Kd1 Kg2 55. Kc1 Re2 56. Kd1 Ra2 57. Rc7 f2 58. Rc2 Ra1+ 59. Kd2 f1=Q 60. Kc3+ Kxh3 61. Kb4 Rb1+ 62. Kc5 Qb5+ 63. Kd6 Rd1+ 64. Ke7 Qe5+ 65. Kf7 Rd7+ 66. Kg6 Rg7+ 67. Kxh6 Qf6+ 68. Kh5 Rh7#) 50. Kf2 Rd2+ {Black mates.} 51. Kf1 Rd3 52. Ra6 Kf3 {[%cal Rd3d1]} 53. Ke1 Kg2 54. Rxh6 f3 55. Rf6 Rd8 {Precision: White = 41%, Black = 58%.} 0-1